书目信息 |
| 题名: |
黎巴嫩简史
|
|
| 作者: | 希蒂 著 ;北京师范学院 译 | |
| 分册: | ||
| 出版信息: | 北京 北京人民出版社 1974.01 |
|
| 页数: | 365页 | |
| 开本: | 20cm | |
| 丛书名: | ||
| 单 册: | ||
| 中图分类: | K378 | |
| 科图分类: | ||
| 主题词: | 西亚--历史 | |
| 电子资源: | ||
| ISBN: | ||
| 000 | 00704nam0 2200241 45 | |
| 001 | 0212171482 | |
| 005 | 20031219104102.3 | |
| 010 | @dCNY1.15 | |
| 091 | @a11071.11 | |
| 100 | @a20021217d1974 km y0chiy0120 ea | |
| 101 | 0 | @achi |
| 105 | @a z 001yy | |
| 200 | 1 | @a黎巴嫩简史@ALi Ba Nen Jian Shi@f(美)菲利普·克·希蒂著@F(Mei)Fei Li Pu·Ke·Xi Di Zhu@g北京师范学院译 |
| 210 | @a北京@c北京人民出版社@d1974.01 | |
| 215 | @a365页@d20cm | |
| 300 | @a内部读物 | |
| 300 | @a根据纽约圣·马丁出版社1955年版译出 | |
| 606 | 0 | @a西亚@x历史 |
| 690 | @aK378@v3 | |
| 701 | 0 | @a希蒂@4著 |
| 712 | 02 | @a北京师范学院@ABei Jing Shi Fan Xue Yuan@4译 |
| 801 | @aCN@bTSTC@c20021217 | |
| 905 | @f1@b219163@dK378@e8 | |
| 黎巴嫩简史/(美)菲利普·克·希蒂著/北京师范学院译.-北京:北京人民出版社,1974.01 |
| 365页;20cm |
| 内部读物.-根据纽约圣·马丁出版社1955年版译出 |
| ISBN :CNY1.15 |
| ● |
| 相关链接 |
|
|
|
|
正题名:黎巴嫩简史
索取号:K378/8
 
预约/预借
| 序号 | 登录号 | 条形码 | 馆藏地/架位号 | 状态 | 备注 |
| 1 | 0219163 | 001737044 | 第二样本阅览室/ [索取号:K378/8] | 在馆 |